00000000nam##2200000za#4500
0019.686573
003CaOODSP
00520210624230609
007cr |||||||||||
008150407|2003||||xxc|||||o    f|0| 0 eng|d
040 |aCaOODSP|beng
043 |an-cn---
0861 |aEn134-35/2003E-IN
1102 |aNational Round Table on the Environment and the Economy (Canada)
24510|aCleaning up the past, building the future : |h[electronic resource]|ba national brownfield redevelopment strategy for Canada
260 |aOttawa - Ontario : |bNational Round Table on the Environment and the Economy |c2003.
300 |axiv, 41, [40]p.|bcoloured illus., references, tables
5203 |aThis national brownfields redevelopment strategy presents recommendations for transforming abandoned, idle, or underutilized—and in some cases, contaminated—commercial or industrial properties into vibrant centres of community life. It addresses the key barriers to brownfield redevelopment, including legal uncertainty surrounding environment liability, lack of capital, and poor stakeholder understanding of the issue.
590 |a03-26|b2003-06-27
69007|aEnvironmental management|2gcpds
69007|aGlobalization|2gcpds
69007|aQuality of life|2gcpds
69007|aEconomy|2gcpds
77508|tRéhabiliter le passé, construire l'avenir : |w(CaOODSP)9.631040
7760#|tCleaning up the past, building the future : |w(CaOODSP)9.648882
85640|ahttp://publications.gc.ca|qPDF|s1633 KB|uhttps://publications.gc.ca/collections/Collection/En134-35-2003E.pdf